000 00443nam a2200169Ia 4500
003 OSt
005 20220831125919.0
008 150509s9999 xx 000 0 und d
040 _cIFM Library
082 _a368.4
245 3 _aAn Introduction to Social Security
260 _aGeneva:
_bILO,
_c1970
300 _avii, 218 p. : ill. ; 21cm.
500 _aIncludes bibliographical references
650 _aSocial security
942 _2ddc
_cBK
_n0
999 _c4192
_d4192